Top 15 des pays avec les décès de Covid-19 - 5 mar 2021 - Statistiques

Statistiques générales
  • Ce quiz a été pris 46 fois
  • Le résultat moyen est 13 sur 24
Statistiques - réponses
pays % Correct
Etats-Unis
93%
France
93%
Italie
93%
Espagne
89%
Mexique
89%
Russie
89%
Allemagne
87%
Brésil
84%
Argentine
78%
Royaume-Uni
78%
Inde
76%
Portugal
76%
Belgique
53%
Colombie
44%
Pérou
42%
Afrique du Sud
36%
Iran
29%
Croatie
20%
Bulgarie
16%
Hongrie
16%
Tchèquie
16%
Slovénie
11%
Macédoine du Nord
9%
Bosnie-Herzégovine
7%
Aucun quiz correspondant
Distribution des résultats
% des personnes avec chaque résultat
Percentile par nombre de réponses
Votre historique - résultats
Vous n’avez pas pris ce quiz